000
00273 a2200097 4500
090
_c
3699
_d
3699
100
_a
kieron Conway
245
_a
Software Project Management
_b
From Concept to Deployment
260
_a
Dreamtech Press
_b
New Delhi
_c
2001
942
_a
NBS
_c
BK
_k
005.1068 CON
999
_c
346165
_d
346165